Visualizzazione normale
Vista MARC
- Donati P., Macchioni E., Bordoni S., Jakomet K., Schroeder J., Bertocchi F.,
di Personal Name
Records bibliografici associati: 1
001 - CONTROL NUMBER
- control field: 60605
003 - CONTROL NUMBER IDENTIFIER
- control field:
005 - DATE AND TIME OF LATEST TRANSACTION
- control field: 20240405144609.0
008 - FIXED-LENGTH DATA ELEMENTS
- fixed length control field: 240405|| aca||aabn | a|a d
040 ## - CATALOGING SOURCE
- Original cataloging agency:
- Transcribing agency:
100 ## - HEADING--PERSONAL NAME
- Personal name: Donati P., Macchioni E., Bordoni S., Jakomet K., Schroeder J., Bertocchi F.,
- Personal name: Prandini R., Martignani L., Macchioni L
670 ## - SOURCE DATA FOUND
- Source citation: Work cat.: ()210003: Donati Pierpaolo, Prandini Riccardo (a cura di) 60604, La conciliazione famiglia-lavoro nelle piccole e medie imprese., 2009